000 00703nam a2200253Ia 4500
003 GCL
008 140319s9999 xx 000 0 ara d
040 _aGCL /
_cGCL
082 0 4 _a698.1
_bح م
100 1 _aحسين محمد جمعة
245 1 0 _aالمرجع الحديث للمهندس العصرى /
_cحسين محمد جمعة
260 _a[S.N] :
_bالمجالس ،
_c1992
300 _a176
490 _a
650 0 4 _aالصيانة
650 0 4 _aالهندسة المدنية
650 0 4 _aالخرسانة
650 0 4 _aالمبانى
650 0 4 _aمواد البناء
650 0 4 _aترميم
650 0 4 _aمواصفات
650 0 4 _aالطلاء
942 _2ddc
_cBK
999 _c30398
_d30398